Dewey decimal classification and relative index. (Record no. 1261)
[ view plain ]
| 000 -CABECERA | |
|---|---|
| campo de control de longitud fija | 00928cam a2200241 4500 |
| 001 - NÚMERO DE CONTROL | |
| campo de control | 000001330 |
| 005 - FECHA Y HORA DE LA ÚLTIMA TRANSACCIÓN | |
| campo de control | 20200929145537.0 |
| 008 - DATOS DE LONGITUD FIJA--INFORMACIÓN GENERAL | |
| campo de control de longitud fija | 711112s1971 nyu 000 0 eng |
| 010 ## - NÚMERO DE CONTROL DE LA BIBLIOTECA DEL CONGRESO | |
| Número de control de LC | 78140002 |
| 020 ## - NÚMERO INTERNACIONAL ESTÁNDAR DEL LIBRO | |
| Número Internacional Estándar del Libro | 0910608105 (v. 1) |
| 040 ## - FUENTE DE LA CATALOGACIÓN | |
| Centro catalogador/agencia de origen | DO-SdBNP |
| Centro/agencia transcriptor | DLC |
| Centro/agencia modificador | DLC |
| 050 00 - SIGNATURA TOPOGRÁFICA DE LA BIBLIOTECA DEL CONGRESO | |
| Número de clasificación | Z696 |
| Número de documento/Ítem | .D519 1971 |
| 082 00 - NÚMERO DE LA CLASIFICACIÓN DECIMAL DEWEY | |
| Número de clasificación | 025.4/31 |
| Número de edición | 21 |
| 100 1# - ENTRADA PRINCIPAL--NOMBRE DE PERSONA | |
| Nombre de persona | Dewey, Melvil, |
| Fechas asociadas al nombre | 1851-1931. |
| 9 (RLIN) | 4476 |
| 245 10 - MENCIÓN DE TÍTULO | |
| Título | Dewey decimal classification and relative index. |
| 250 ## - MENCIÓN DE EDICIÓN | |
| Mención de edición | Ed. 18. |
| 260 ## - PUBLICACIÓN, DISTRIBUCIÓN, ETC. | |
| Lugar de publicación, distribución, etc. | Lake Placid Club, N.Y., : |
| Nombre del editor, distribuidor, etc. | Forest Press, |
| Fecha de publicación, distribución, etc. | 1971. |
| 300 ## - DESCRIPCIÓN FÍSICA | |
| Extensión | 3 v. (viii, 2692 p.) ; |
| Dimensiones | 26 cm. |
| 500 ## - NOTA GENERAL | |
| Nota general | First published anonymously in 1876 under title: A classification and subject index. 2d-14th editions published under title: Decimal classification and relativ index. |
| 505 0# - NOTA DE CONTENIDO CON FORMATO | |
| Nota de contenido con formato | v. 1. Introduction. Tables.--v. 2. Schedules.--v. 3. Relative index. |
| 650 #0 - PUNTO DE ACCESO ADICIONAL DE MATERIA--TÉRMINO DE MATERIA | |
| Término de materia o nombre geográfico como elemento de entrada | Classification, dewey decimal. |
| 9 (RLIN) | 4477 |
| 910 ## - DATOS DE OPCIÓN DEL USUARIO (OCLC) | |
| Datos de opción del usuario | Catalogación por copia / LC |
| Estado de retiro | Estado de pérdida | Restricciones de uso | No para préstamo | Código de colección | Localización permanente | Ubicación/localización actual | Ubicación en estantería | Fecha de adquisición | Número de inventario | Total de préstamos | Signatura topográfica completa | Código de barras | Fecha visto por última vez | Precio válido a partir de | Tipo de ítem Koha |
|---|---|---|---|---|---|---|---|---|---|---|---|---|---|---|---|
| Préstamo interno | Monografías: Libros y Folletos | General | General | Depósito | 22.09.2009 | LF1 | 025.4/31 | 1330-10 | 25.06.2020 | 25.06.2020 | Préstamo interno |
